000 00628nam a2200229Ia 4500
003 OSt
005 20220926012542.0
006 a|||||r|||| 00| 0
007 ta
008 220923b |||||||| |||| 00| 0 eng d
037 _cGeneral Book
040 _aRTL
_cRTL
_beng
041 _2eng
_aeng
082 _aU25, K6
100 _aWegener Alfred
_9316878
245 0 _aOrigin of continents and oceans
260 _aNew York
_bDover Publications U S A
_c1966
300 _aviii,246p. Bib p. 218-32
_ccm.
650 _aOceanography
942 _hU25, K6
_cGB
_2CC
999 _c623518
_d623518